| 000 | 00635nam a2200193 4500 | ||
|---|---|---|---|
| 001 | 122949 | ||
| 003 | ES-MaACL | ||
| 007 | t| | ||
| 008 | 070214s1976 sp r ||||0| spa d | ||
| 020 | _a84-0345-3 | ||
| 100 | 1 |
_aPuppo, Ernesto. _994414 |
|
| 245 | 1 | 0 |
_aSol y diseño _b: índice térmico relativo / _cErnesto Puppo ; Giorgio Alberto Puppo, Giancarlo Puppo ; prólogo de Carlos Buigas. |
| 260 |
_aBarcelona : _bMarcombo, _c1976. |
||
| 300 |
_aXII, 251 p ; _c28 cm. |
||
| 700 | 1 |
_aPuppo, Giorgio Alberto. _994416 |
|
| 700 | 1 |
_aPuppo, Giancarlo. _994415 |
|
| 700 | 1 |
_aBuigas, Carlos. _932455 |
|
| 852 |
_aES-MaACL _jE-3282 _bR.112791 |
||
| 999 |
_c122949 _d122949 |
||